书目信息 |
| 题名: |
太平天国史丛考甲集
|
|
| 作者: | 罗尔纲 著 | |
| 分册: | ||
| 出版信息: | 北京 三联书店 1981 |
|
| 页数: | 359页 | |
| 开本: | 21cm | |
| 丛书名: | 太平天国史论文集 | |
| 单 册: | ||
| 中图分类: | K254.07 , K254 | |
| 科图分类: | ||
| 主题词: | 太平天国革命--考证--文集 | |
| 电子资源: | ||
| ISBN: | ||
| 000 | 00695nam2 2200253 45 | |
| 001 | 1547188453 | |
| 005 | 20150128131049.50 | |
| 010 | @dCNY1.35 | |
| 091 | @aCN@b11002.545 | |
| 100 | @a19950525d1981 em y0chiy0121 ea | |
| 101 | 0 | @achi |
| 102 | @aCN@b110000 | |
| 105 | @ay z 000yy | |
| 200 | 10 | @a太平天国史丛考甲集@Atai ping tian guo shi cong kao jia ji@f罗尔纲著 |
| 210 | @a北京@c三联书店@d1981 | |
| 215 | @a359页@d21cm | |
| 225 | 2 | @a太平天国史论文集@h第八集 |
| 410 | 0 | @120010@a太平天国史论文集 |
| 606 | @a太平天国革命@x考证@x文集 | |
| 690 | @aK254.07@v3 | |
| 690 | @aK254@v4 | |
| 701 | 0 | @a罗尔纲@Aluo er gang@4著 |
| 801 | 0 | @aCN@bTSSF@c20150128 |
| 905 | @aZUCC@dK254@eJY15:8 | |
| 太平天国史丛考甲集/罗尔纲著.-北京:三联书店,1981 |
| 359页;21cm.-(太平天国史论文集.第八集) |
| ISBN :CNY1.35 |
| ● |
| 相关链接 |
|
|
|
|
正题名:太平天国史丛考甲集
索取号:K254/JY15:8
 
预约/预借
| 序号 | 登录号 | 条形码 | 馆藏地/架位号 | 状态 | 备注 |
| 1 | 7839233 | 278392339 | 学院路分馆/ [索取号:K254/JY15:8] | 在馆 | |
| 2 | 7839234 | 278392348 | 学院路分馆/ [索取号:K254/JY15:8] | 在馆 | |
| 3 | 7839235 | 278392357 | 学院路分馆/ [索取号:K254/JY15:8] | 在馆 | |
| 4 | 7839236 | 278392366 | 学院路分馆/ [索取号:K254/JY15:8] | 在馆 |